书目信息 |
| 题名: |
美术
|
|
| 作者: | 徐绍田 主编 | |
| 分册: | ||
| 出版信息: | 北京 科学出版社 2008 |
|
| 页数: | 167页 | |
| 开本: | 26cm | |
| 丛书名: | ||
| 单 册: | ||
| 中图分类: | J-43 | |
| 科图分类: | ||
| 主题词: | 美术--高等教育--教材 | |
| 电子资源: | ||
| ISBN: | 978-7-03-021579-6 | |
| 000 | 00742nam0 2200229 450 | |
| 001 | 1558975011 | |
| 005 | 20150119162315.25 | |
| 010 | @a978-7-03-021579-6@dCNY38.00 | |
| 100 | @a20081105d2008 em y0chiy50 ea | |
| 101 | 0 | @achi |
| 102 | @aCN@b110000 | |
| 105 | @aa z 000yy | |
| 200 | 1 | @a美术@9mei shu@f徐绍田主编 |
| 210 | @a北京@c科学出版社@d2008 | |
| 215 | @a167页@c图@d26cm | |
| 300 | @a高等教育“十一五”规划教材 学前教育专业系列教材 | |
| 330 | @a本书共分七章,较详细地介绍了素描、简笔画、卡通画、中国画、装饰画、色彩与绘画艺术、幼儿园装饰环境创设等基本知识、技法及步骤。 | |
| 606 | 0 | @a美术@x高等教育@j教材 |
| 690 | @aJ-43@v5 | |
| 701 | 0 | @a徐绍田@9xu shao tian@4主编 |
| 801 | 0 | @aCN@bTSSF@c20150119 |
| 905 | @aZUCC@dJ-43@eJY1 | |
| 美术/徐绍田主编.-北京:科学出版社,2008 |
| 167页:图;26cm |
| 高等教育“十一五”规划教材 学前教育专业系列教材 |
| ISBN 978-7-03-021579-6:CNY38.00 |
| 本书共分七章,较详细地介绍了素描、简笔画、卡通画、中国画、装饰画、色彩与绘画艺术、幼儿园装饰环境创设等基本知识、技法及步骤。 |
| ● |
| 相关链接 |
|
|
|
|
正题名:美术
索取号:J-43/JY1
 
预约/预借
| 序号 | 登录号 | 条形码 | 馆藏地/架位号 | 状态 | 备注 |
| 1 | 7848707 | 278487077 | 学院路分馆/ [索取号:J-43/JY1] | 在馆 |